[Event "Pelotas Gaucho op"]
[Site "Pelotas"]
[Date "2023.10.14"]
[Round "5"]
[White "Sosa, Alexandro Brum"]
[Black "Da Silva, Joao Carlos Orguim"]
[Result "1-0"]
[WhiteElo "1887"]
[BlackElo "1676"]
[PlyCount "75"]
[EventDate "2023.10.12"]
[EventType "swiss"]
[EventRounds "7"]
[EventCountry "BRA"]
[SourceTitle "Mega2024 Update 01"]
[Source "Chessbase"]
[SourceDate "2023.11.12"]
[SourceVersion "1"]
[SourceVersionDate "2023.11.12"]
[SourceQuality "1"]

1. e4 e5 2. Bc4 Nc6 3. Nc3 Nf6 4. d3 d6 5. f4 Be6 6. f5 Bxc4 7. dxc4 Nd4 8. Nf3 Ng4 9. Nxd4 exd4 10. Qxd4 Qh4+ 11. g3 Qh3 12. Bf4 f6 13. 0-0-0 c5 14. Qd5 0-0-0 15. Nb5 Ne5 16. Bxe5 fxe5 17. Nxa7+ Kb8 18. Nb5 Be7 19. Qd3 Rd7 20. Qa3 b6 21. Kb1 Qg2 22. Qd3 Rhd8 23. h4 d5 24. exd5 e4 25. Qe3 Rf8 26. Rhf1 g6 27. Rf2 Qh3 28. Qxe4 Qxg3 29. Rff1 Qxh4 30. Qe5+ Kb7 31. d6 Bd8 32. Qe6 Rff7 33. fxg6 Rg7 34. Rf7 Qe7 35. Rxe7 Rgxe7 36. Qd5+ Kb8 37. dxe7 Rxd5 38. exd8Q+ 1-0

[Event "Niteroi op 3rd"]
[Site "Niteroi"]
[Date "2023.09.09"]
[Round "8"]
[White "Nascimento, Daniel Rojas"]
[Black "Da Silva, Joao Carlos Orguim"]
[Result "1-0"]
[WhiteElo "1909"]
[BlackElo "1674"]
[PlyCount "139"]
[EventDate "2023.09.04"]
[EventType "swiss"]
[EventRounds "9"]
[EventCountry "BRA"]
[SourceTitle "EXT 2024"]
[Source "ChessBase"]
[SourceDate "2023.10.10"]
[SourceVersion "1"]
[SourceVersionDate "2023.10.10"]
[SourceQuality "1"]

1. e4 c5 2. Nf3 Nc6 3. d4 cxd4 4. Nxd4 Nf6 5. Nc3 g6 6. Nxc6 bxc6 7. e5 Ng8 8. Bc4 Bg7 9. Qf3 e6 10. Bf4 Qa5 11. 0-0-0 Nh6 12. Ne4 0-0 13. Nf6+ Bxf6 14. exf6 Nf5 15. g4 Nh4 16. Qg3 g5 17. Bd6 Re8 18. Rhe1 Ng6 19. Qh3 Qd8 20. Qf3 a5 21. Bd3 Nf4 22. Bxf4 Qxf6 23. Bxh7+ Kxh7 24. Qd3+ Qg6 25. Bxg5 Qxd3 26. Rxd3 Kg6 27. h4 Rh8 28. Rh1 d5 29. Rf3 f5 30. gxf5+ exf5 31. Re1 Bd7 32. Re7 Rh7 33. h5+ Kxg5 34. Rxh7 Be6 35. Rg3+ Kf4 36. Re7 Bg8 37. h6 d4 38. h7 Bd5 39. Ra3 Rh8 40. Kd2 Be4 41. c4 dxc3+ 42. Rxc3 Rd8+ 43. Ke1 Bf3 44. Rc1 Rb8 45. Rg7 Rh8 46. Rc4+ Ke5 47. Kd2 Be4 48. Ra4 Rd8+ 49. Ke2 Bd5 50. Rxa5 Re8 51. Re7+ Rxe7 52. h8Q+ Kf4+ 53. Kd2 Rd7 54. Qh4+ Ke5 55. f4+ Ke4 56. Ke2 Bc4+ 57. Ke1 Kf3 58. Qf2+ Kg4 59. Qg2+ Kxf4 60. Rxf5+ Kxf5 61. Qh3+ Ke5 62. Qxd7 Bb5 63. Qe7+ Kd5 64. Kd2 c5 65. Kc3 Kc6 66. a4 Ba6 67. Qe6+ Kb7 68. a5 Bf1 69. Qf7+ Ka6 70. Qxf1+ 1-0

[Event "Porto Alegre op"]
[Site "Porto Alegre"]
[Date "2023.08.26"]
[Round "3"]
[White "Strapazon, Alice Kubiczewski"]
[Black "Da Silva, Joao Carlos Orguim"]
[Result "1-0"]
[WhiteElo "1781"]
[BlackElo "1667"]
[PlyCount "99"]
[EventDate "2023.08.25"]
[EventType "swiss"]
[EventRounds "5"]
[EventCountry "BRA"]
[SourceTitle "EXT 2024"]
[Source "ChessBase"]
[SourceDate "2023.10.10"]
[SourceVersion "1"]
[SourceVersionDate "2023.10.10"]
[SourceQuality "1"]

1. c4 c5 2. Nc3 Nc6 3. g3 b6 4. Bg2 Bb7 5. Nf3 Nd4 6. e4 f6 7. 0-0 e5 8. Nxd4 cxd4 9. Nd5 Bxd5 10. exd5 d6 11. f4 Rc8 12. Qa4+ b5 13. Qxb5+ Ke7 14. fxe5 fxe5 15. d3 Nf6 16. Bd2 Rb8 17. Ba5 Qc8 18. Qc6 Qd7 19. b4 g6 20. Rxf6 Qxc6 21. Re6+ Kd7 22. dxc6+ Kxe6 23. Bd5+ Ke7 24. Rf1 Bh6 25. Rf7+ Ke8 26. c7 Rc8 27. Be6 Be3+ 28. Kg2 Bh6 29. Rd7 Bg5 30. Rg7 Kf8 31. Bxc8 Kxg7 32. Be6 Kf6 33. c8Q Rxc8 34. Bxc8 Bd2 35. a3 Bc1 36. c5 dxc5 37. bxc5 Ke7 38. c6 Bxa3 39. Bh3 Bd6 40. Bb4 e4 41. c7 Bxb4 42. c8Q a5 43. Qe6+ Kf8 44. Qf6+ Ke8 45. Be6 Be7 46. Qh8+ Bf8 47. Qg8 Kd8 48. Qxf8+ Kc7 49. Qc5+ Kb8 50. Qb6+ 1-0

[Event "Porto Alegre op"]
[Site "Porto Alegre"]
[Date "2023.05.06"]
[Round "3"]
[White "Hernandez, Mauri Delgado"]
[Black "Da Silva, Joao Carlos Orguim"]
[Result "1/2-1/2"]
[WhiteElo "1800"]
[BlackElo "1701"]
[PlyCount "55"]
[EventDate "2023.05.05"]
[EventType "swiss"]
[EventRounds "7"]
[EventCountry "BRA"]
[SourceTitle "CBM 214 Extra"]
[Source "ChessBase"]
[SourceDate "2023.07.31"]
[SourceVersion "1"]
[SourceVersionDate "2023.07.31"]
[SourceQuality "1"]

1. d4 d5 2. c4 dxc4 3. e4 Nc6 4. Nf3 Nf6 5. Nc3 Bg4 6. d5 Bxf3 7. Qxf3 Ne5 8. Qg3 Nd3+ 9. Bxd3 cxd3 10. Qxd3 c6 11. 0-0 e6 12. Bg5 Be7 13. Rfe1 Nxd5 14. exd5 Bxg5 15. d6 Qd7 16. Ne4 Be7 17. Qg3 Bf8 18. Rad1 b6 19. Rd3 0-0-0 20. Rc1 f5 21. Ng5 Bxd6 22. Qf3 Bxh2+ 23. Kxh2 Qxd3 24. Qxc6+ Kb8 25. Qc7+ Ka8 26. Qc6+ Kb8 27. Qc7+ Ka8 28. Qc6+ 1/2-1/2

[Event "Rio de Janeiro Duchamp op 4th"]
[Site "Rio de Janeiro"]
[Date "2022.12.12"]
[Round "7"]
[White "Da Silva, Joao Carlos Orguim"]
[Black "Campagnolo, Bruna"]
[Result "1/2-1/2"]
[WhiteElo "1693"]
[BlackElo "1535"]
[PlyCount "63"]
[EventDate "2022.12.07"]
[EventType "swiss"]
[EventRounds "9"]
[EventCountry "BRA"]
[SourceTitle "CBM 211 Extra"]
[Source "ChessBase"]
[SourceDate "2023.01.31"]
[SourceVersion "1"]
[SourceVersionDate "2023.01.31"]
[SourceQuality "1"]

1. f4 d5 2. Nf3 c5 3. e3 e6 4. b3 Nf6 5. Bb2 Nc6 6. Be2 Bd6 7. Ne5 0-0 8. 0-0 Nd7 9. Nxd7 Qxd7 10. d3 b6 11. Nd2 Bb7 12. Nf3 f5 13. d4 Qc7 14. c3 Rac8 15. Rc1 Qe7 16. Qd2 Nb8 17. Ne5 Nd7 18. Nxd7 Qxd7 19. Rf3 Qe7 20. Rg3 cxd4 21. exd4 Ba3 22. Bxa3 Qxa3 23. Re1 Qd6 24. Bh5 Bc6 25. Re5 Rf6 26. Rge3 Bd7 27. Be2 Qc6 28. c4 Qd6 29. cxd5 exd5 30. Bf3 Be6 31. g3 g6 32. Kg2 1/2-1/2

[Event "Rio de Janeiro Duchamp op 4th"]
[Site "Rio de Janeiro"]
[Date "2022.12.10"]
[Round "5"]
[White "Da Silva, Joao Carlos Orguim"]
[Black "Feller, Gabriela Luisa Vice"]
[Result "1/2-1/2"]
[WhiteElo "1693"]
[BlackElo "1907"]
[PlyCount "69"]
[EventDate "2022.12.07"]
[EventType "swiss"]
[EventRounds "9"]
[EventCountry "BRA"]
[SourceTitle "CBM 211 Extra"]
[Source "ChessBase"]
[SourceDate "2023.01.31"]
[SourceVersion "1"]
[SourceVersionDate "2023.01.31"]
[SourceQuality "1"]

1. e4 c6 2. d4 d5 3. Nc3 dxe4 4. Nxe4 Nf6 5. Nxf6+ gxf6 6. Be3 Bf5 7. Nf3 e6 8. Bd3 Bg6 9. Qd2 Bd6 10. 0-0-0 Nd7 11. c4 Qc7 12. Bxg6 hxg6 13. c5 Be7 14. Bf4 e5 15. dxe5 fxe5 16. Qxd7+ Qxd7 17. Rxd7 Kxd7 18. Nxe5+ Ke8 19. Re1 Rd8 20. Ng4 Kf8 21. Kc2 f6 22. h3 Rh5 23. b4 Rd4 24. Bd2 Rd7 25. Bc3 Kg7 26. Rxe7+ Rxe7 27. Bxf6+ Kf7 28. Bxe7 Kxe7 29. f4 Rd5 30. a3 Rd4 31. g3 Rc4+ 32. Kd2 Rd4+ 33. Ke2 Rc4 34. Kd2 Rd4+ 35. Kc2 1/2-1/2

[Event "Concordia op 6th"]
[Site "Concordia"]
[Date "2022.10.15"]
[Round "7"]
[White "Silva, Maria Julia Barbier"]
[Black "Da Silva, Joao Carlos Orguim"]
[Result "0-1"]
[WhiteElo "1220"]
[BlackElo "1748"]
[PlyCount "72"]
[EventDate "2022.10.12"]
[EventType "swiss"]
[EventRounds "9"]
[EventCountry "BRA"]
[SourceTitle "CBM 210 Extra"]
[Source "ChessBase"]
[SourceDate "2022.11.30"]
[SourceVersion "1"]
[SourceVersionDate "2022.11.30"]
[SourceQuality "1"]

1. d4 d5 2. Nf3 c5 3. e3 Nf6 4. c4 e6 5. Be2 b6 6. 0-0 Bb7 7. b3 Nbd7 8. Nbd2 Be7 9. Bb2 0-0 10. Bd3 Ne4 11. dxc5 Ndxc5 12. Bc2 Bf6 13. Ne5 Nxd2 14. Qxd2 dxc4 15. Qe2 cxb3 16. axb3 a5 17. Rad1 Qe7 18. e4 Ba6 19. Bd3 Bxd3 20. Nxd3 Nxe4 21. Bxf6 Nxf6 22. Ne5 Nd5 23. Qb2 Rfc8 24. Rfe1 Rc5 25. Rc1 Rac8 26. Nd3 Rxc1 27. Rxc1 Rxc1+ 28. Qxc1 Qc7 29. Qb2 Qc3 30. Qb1 Qd2 31. h3 Nc3 32. Qf1 Ne2+ 33. Kh1 Qxd3 34. Qa1 Nc3 35. Qc1 Qd1+ 36. Qxd1 Nxd1 0-1

[Event "Concordia op 6th"]
[Site "Concordia"]
[Date "2022.10.13"]
[Round "3"]
[White "Ferreira, Fernando Goncalves"]
[Black "Da Silva, Joao Carlos Orguim"]
[Result "1-0"]
[WhiteElo "1337"]
[BlackElo "1748"]
[PlyCount "141"]
[EventDate "2022.10.12"]
[EventType "swiss"]
[EventRounds "9"]
[EventCountry "BRA"]
[SourceTitle "CBM 210 Extra"]
[Source "ChessBase"]
[SourceDate "2022.11.30"]
[SourceVersion "1"]
[SourceVersionDate "2022.11.30"]
[SourceQuality "1"]

1. d4 d5 2. Nf3 c5 3. e3 Nc6 4. b3 Nf6 5. Bd3 Ne4 6. 0-0 f5 7. Bb2 e6 8. Nbd2 Bd7 9. c4 a5 10. Ne5 Nxe5 11. dxe5 Bc6 12. cxd5 Nxd2 13. Qxd2 Qxd5 14. f3 0-0-0 15. Rad1 Bb5 16. Qxa5 Bxd3 17. Rf2 c4 18. Qc3 Qc5 19. Rfd2 Qxe3+ 20. Kh1 b5 21. bxc4 b4 22. Qb3 Bc5 23. Rxd3 Rxd3 24. Qxd3 Qxd3 25. Rxd3 Rd8 26. Rxd8+ Kxd8 27. g3 Kc7 28. Kg2 Kb6 29. Kf1 Ka5 30. Ke2 Ka4 31. Kd3 Bg1 32. h3 h5 33. g4 g6 34. gxf5 gxf5 35. Bd4 Bh2 36. Kc2 Bf4 37. Bb2 Be3 38. Kd3 Bg5 39. Kd4 Be7 40. Bc1 Bh4 41. Kc5 b3 42. axb3+ Kxb3 43. Kb5 Bg3 44. c5 Bxe5 45. c6 Kc2 46. Bg5 Bc7 47. Ka6 e5 48. Kb7 Ba5 49. Be3 Kd3 50. Bb6 Bxb6 51. Kxb6 e4 52. fxe4 fxe4 53. c7 e3 54. c8Q Kd2 55. Qd7+ Ke1 56. Kc5 e2 57. Kc4 Kf2 58. Qf5+ Kg3 59. Qe5+ Kf2 60. Qf4+ Kg2 61. Qe3 h4 62. Qxe2+ Kxh3 63. Kd3 Kg3 64. Ke3 h3 65. Qf2+ Kg4 66. Ke4 h2 67. Qxh2 Kg5 68. Qf4+ Kg6 69. Qf5+ Kg7 70. Ke5 Kg8 71. Qd7 1-0

[Event "Concordia op 6th"]
[Site "Concordia"]
[Date "2022.10.12"]
[Round "1"]
[White "Altenhofen, Rafael Graneto"]
[Black "Da Silva, Joao Carlos Orguim"]
[Result "0-1"]
[WhiteElo "1800"]
[BlackElo "1748"]
[PlyCount "58"]
[EventDate "2022.10.12"]
[EventType "swiss"]
[EventRounds "9"]
[EventCountry "BRA"]
[SourceTitle "CBM 210 Extra"]
[Source "ChessBase"]
[SourceDate "2022.11.30"]
[SourceVersion "1"]
[SourceVersionDate "2022.11.30"]
[SourceQuality "1"]

1. d4 d5 2. c4 dxc4 3. e3 e6 4. Bxc4 Nf6 5. Nc3 a6 6. Nf3 b5 7. Bb3 Bb7 8. 0-0 Nbd7 9. Re1 Be7 10. Bc2 c5 11. dxc5 Nxc5 12. Nd4 Qc7 13. a3 Rd8 14. Qe2 Nce4 15. Bxe4 Nxe4 16. f3 Nc5 17. b4 Na4 18. Nxa4 bxa4 19. Bb2 0-0 20. Rac1 Qb6 21. Red1 Bf6 22. Kh1 e5 23. Nf5 Bc6 24. f4 Bb5 25. Qg4 Rxd1+ 26. Rxd1 Qe6 27. Nh6+ Kh8 28. Qxe6 fxe6 29. Ng4 Be2 0-1

[Event "Concordia op 6th"]
[Site "Concordia"]
[Date "2022.10.12"]
[Round "2"]
[White "Da Silva, Joao Carlos Orguim"]
[Black "Menna Barreto, Luiz Ney"]
[Result "0-1"]
[WhiteElo "1748"]
[BlackElo "2235"]
[PlyCount "64"]
[EventDate "2022.10.12"]
[EventType "swiss"]
[EventRounds "9"]
[EventCountry "BRA"]
[SourceTitle "CBM 210 Extra"]
[Source "ChessBase"]
[SourceDate "2022.11.30"]
[SourceVersion "1"]
[SourceVersionDate "2022.11.30"]
[SourceQuality "1"]

1. c4 c5 2. Nc3 Nf6 3. g3 Nc6 4. Bg2 b6 5. e4 Rb8 6. Nge2 d6 7. d3 g6 8. 0-0 Bg7 9. f4 Bd7 10. h3 0-0 11. g4 Ne8 12. Ng3 Nc7 13. f5 b5 14. Nxb5 Nxb5 15. cxb5 Rxb5 16. Rb1 Qb6 17. Qe2 Rb8 18. b3 c4+ 19. Be3 Bd4 20. Rbe1 Bxe3+ 21. Qxe3 Qxe3+ 22. Rxe3 cxb3 23. axb3 Rxb3 24. fxg6 hxg6 25. Ref3 Ne5 26. R3f2 Rxd3 27. Kh2 Bxg4 28. Ra2 Rbb3 29. hxg4 Nxg4+ 30. Kh1 Rxg3 31. Rxa7 Rb2 32. Rg1 Rh3+ 0-1

[Event "Matinhos op 6th"]
[Site "Matinhos"]
[Date "2022.09.22"]
[Round "6.13"]
[White "Da Silva, Joao Carlos Orguim"]
[Black "Iurk, Jonel Nazareno"]
[Result "0-1"]
[WhiteElo "1747"]
[BlackElo "2082"]
[PlyCount "80"]
[EventDate "2022.09.18"]
[EventType "swiss"]
[EventRounds "7"]
[EventCountry "BRA"]
[SourceTitle "CBM 210 Extra"]
[Source "ChessBase"]
[SourceDate "2022.11.30"]
[SourceVersion "1"]
[SourceVersionDate "2022.11.30"]
[SourceQuality "1"]

1. Nf3 d5 2. g3 Nf6 3. Bg2 g6 4. 0-0 Bg7 5. c4 c6 6. d3 0-0 7. Nbd2 Nbd7 8. Rb1 a5 9. b3 e5 10. e3 Re8 11. d4 e4 12. Ne1 Nf8 13. f3 exf3 14. Ndxf3 Ng4 15. Nc2 Bf5 16. Nfe1 Qd7 17. h3 Nf6 18. g4 Be4 19. Nd3 Bxd3 20. Qxd3 h5 21. g5 Ne4 22. h4 Qg4 23. Rf4 Qg3 24. Bd2 Ne6 25. Qxe4 dxe4 26. Be1 Qxf4 27. exf4 Nxd4 28. Ne3 Ne2+ 29. Kf2 Nxf4 30. Bf1 Bd4 31. Bd2 Nd3+ 32. Ke2 Ne5 33. Bg2 Ng4 34. Nc2 c5 35. Rf1 Re7 36. Rf4 e3 37. Be1 Rd7 38. Bd5 Be5 39. Re4 a4 40. b4 cxb4 0-1

[Event "Matinhos op 6th"]
[Site "Matinhos"]
[Date "2022.09.18"]
[Round "1.3"]
[White "Santiago, Yago de Moura"]
[Black "Da Silva, Joao Carlos Orguim"]
[Result "1-0"]
[WhiteElo "2448"]
[BlackElo "1747"]
[PlyCount "79"]
[EventDate "2022.09.18"]
[EventType "swiss"]
[EventRounds "7"]
[EventCountry "BRA"]
[SourceTitle "CBM 210 Extra"]
[Source "ChessBase"]
[SourceDate "2022.11.30"]
[SourceVersion "1"]
[SourceVersionDate "2022.11.30"]
[SourceQuality "1"]

1. d4 Nf6 2. Nf3 g6 3. Bg5 Bg7 4. Nbd2 d6 5. c3 Nbd7 6. e4 0-0 7. Be2 e5 8. dxe5 Nxe5 9. Nxe5 dxe5 10. 0-0 Qd6 11. Qc2 Re8 12. Rfd1 Qc6 13. a4 a6 14. Bb5 axb5 15. axb5 Qxb5 16. Rxa8 Be6 17. Rxe8+ Nxe8 18. c4 Qc6 19. Qd3 f6 20. Be3 Bf8 21. b3 b6 22. Nb1 Nd6 23. Nc3 f5 24. exf5 Nxf5 25. Qe4 Qxe4 26. Nxe4 Nxe3 27. fxe3 Be7 28. Ra1 Bf5 29. Nc3 Bc2 30. Ra8+ Kf7 31. Ra7 Bc5 32. Rxc7+ Ke6 33. Kf2 Bxb3 34. Ne4 Be7 35. Nd2 Ba4 36. Rb7 Bc6 37. Rxb6 Kd7 38. Ra6 Bb7 39. Ra7 Kc6 40. Nf3 1-0

[Event "Niteroi op 2nd"]
[Site "Niteroi"]
[Date "2022.09.04"]
[Round "6"]
[White "Stival da Silva, Javier Rodrigo"]
[Black "Da Silva, Joao Carlos Orguim"]
[Result "0-1"]
[WhiteElo "1807"]
[BlackElo "1747"]
[PlyCount "102"]
[EventDate "2022.09.01"]
[EventType "swiss"]
[EventRounds "9"]
[EventCountry "BRA"]
[SourceTitle "CBM 210 Extra"]
[Source "ChessBase"]
[SourceDate "2022.11.30"]
[SourceVersion "1"]
[SourceVersionDate "2022.11.30"]
[SourceQuality "1"]

1. e4 c5 2. Nf3 g6 3. c4 Bg7 4. d4 cxd4 5. Nxd4 Nc6 6. Be3 Nf6 7. Nc3 0-0 8. Be2 d6 9. f3 Nxd4 10. Bxd4 Be6 11. Qd2 Rc8 12. b3 a6 13. Rc1 Nh5 14. Be3 Qa5 15. Na4 Qxd2+ 16. Kxd2 Nf6 17. g4 Rc7 18. Nc3 Rfc8 19. Nd5 Nxd5 20. cxd5 Rxc1 21. Rxc1 Rxc1 22. Kxc1 Bd7 23. a4 f5 24. exf5 gxf5 25. h3 fxg4 26. fxg4 h5 27. gxh5 Bxh3 28. Bf4 Bf5 29. Kd2 Kh7 30. a5 Bh6 31. Bxh6 Kxh6 32. Ke3 Kg5 33. h6 Kxh6 34. Kf4 Kg6 35. Bh5+ Kf6 36. Bf3 Bd7 37. Be4 e6 38. dxe6 Bc6 39. Bxc6 bxc6 40. e7 Kxe7 41. b4 Kf6 42. Ke4 Ke6 43. Kd4 Kf5 44. b5 cxb5 45. Kd5 Kf6 46. Kxd6 b4 47. Kc5 b3 48. Kb6 b2 49. Kxa6 b1Q 50. Ka7 Qb5 51. a6 Ke7 0-1

[Event "Niteroi op 2nd"]
[Site "Niteroi"]
[Date "2022.09.02"]
[Round "3"]
[White "Da Silva, Joao Carlos Orguim"]
[Black "Okamura, Milton Kasuo"]
[Result "0-1"]
[WhiteElo "1747"]
[BlackElo "1960"]
[PlyCount "104"]
[EventDate "2022.09.01"]
[EventType "swiss"]
[EventRounds "9"]
[EventCountry "BRA"]
[SourceTitle "CBM 210 Extra"]
[Source "ChessBase"]
[SourceDate "2022.11.30"]
[SourceVersion "1"]
[SourceVersionDate "2022.11.30"]
[SourceQuality "1"]

1. c4 e5 2. e4 Nf6 3. d3 Bc5 4. g3 0-0 5. Bg2 d6 6. h3 Nc6 7. Ne2 Be6 8. 0-0 Nd7 9. Nbc3 a6 10. Kh2 Rb8 11. f4 f6 12. f5 Bf7 13. g4 b5 14. b3 Nd4 15. Bd2 c6 16. Ng3 Nb6 17. h4 d5 18. cxd5 cxd5 19. g5 b4 20. Nce2 Nb5 21. Rc1 Qe7 22. gxf6 gxf6 23. Bh6 Rfc8 24. Ng1 Kh8 25. Bf3 Nc3 26. Qd2 Rg8 27. N1e2 Rbc8 28. Kh3 a5 29. Be3 Bxe3 30. Qxe3 d4 31. Qd2 a4 32. Qb2 Ra8 33. Ra1 Nd7 34. Nc1 Nc5 35. Bd1 Qb7 36. bxa4 Nxd1 37. Rxd1 Nxa4 38. Qf2 Nc3 39. Rd2 Ra6 40. Rb2 Rga8 41. Qc2 Qe7 42. Nge2 Ra3 43. Nxc3 dxc3 44. Rbb1 Qc5 45. Qe2 b3 46. Nxb3 Bxb3 47. Rf1 Rxa2 48. Rxa2 Rxa2 49. Qh5 Qe7 50. Rg1 Ra8 51. Qg4 Rg8 52. Qd1 Bxd1 0-1

[Event "Porto Alegre Trois Cup"]
[Site "Porto Alegre"]
[Date "2022.08.21"]
[Round "4"]
[White "Sardi, Sergio Augusto"]
[Black "Da Silva, Joao Carlos Orguim"]
[Result "1-0"]
[WhiteElo "1871"]
[BlackElo "1767"]
[PlyCount "79"]
[EventDate "2022.08.19"]
[EventType "swiss"]
[EventRounds "5"]
[EventCountry "BRA"]
[SourceTitle "CBM 210 Extra"]
[Source "ChessBase"]
[SourceDate "2022.11.30"]
[SourceVersion "1"]
[SourceVersionDate "2022.11.30"]
[SourceQuality "1"]

1. c4 c5 2. Nf3 Nc6 3. g3 e5 4. d3 Nge7 5. Bg2 f6 6. Nc3 b6 7. e3 Bb7 8. 0-0 g6 9. Ne4 Nc8 10. a3 Bg7 11. Rb1 0-0 12. Nc3 N6e7 13. b4 d6 14. Qc2 f5 15. Rd1 Nc6 16. Nd5 N6e7 17. Ng5 Qd7 18. Bb2 Bh6 19. Nh3 Nxd5 20. cxd5 Ne7 21. Qb3 Rac8 22. f4 e4 23. Qc3 Kf7 24. dxe4 cxb4 25. Qxb4 fxe4 26. Qxe4 Rc7 27. Nf2 Re8 28. Qd4 Ng8 29. Bh3 Qe7 30. Be6+ Kf8 31. Qh8 Qxe6 32. dxe6 Rxe6 33. Ng4 Bg7 34. Qxh7 Be4 35. Bxg7+ Rxg7 36. Qh4 Bxb1 37. Qd8+ Kf7 38. Rxb1 Ne7 39. Nh6+ Kf6 40. Qf8+ 1-0